Mysterio - Portrayals by Picture - Statistics

General Stats
  • This quiz has been taken 8 times
  • The average score is 1 of 14
Answer Stats
Picture Answer % Correct
Jake Gyllenhaal
100%
Fred Tatasciore
20%
Chris Wiggins
0%
Crispin Freeman
0%
David Kaye
0%
David Kaye
0%
David Kaye
0%
David Sobolov
0%
Greg Baldwin
0%
Gregg Berger
0%
James Arnold Taylor / David Kaye
0%
Michael Rye / Peter Cullen
0%
Paul Scheer
0%
Xander Berkeley
0%
No matching quizzes found
Score Distribution
Percent of People with Each Score
Percentile by Number Answered
Your Score History
You have not taken this quiz